000 00544nam a2200169 u 4500
001 000810331
003 AM-YeHGA
005 20250617144425.0
008 110518s1973 ||| r 000 0 rus d
040 _aAM-YeHGA
041 0 _arus
245 1 0 _aКонцессионные предприятия в Закавказье :
_b1926-1929 гг. /
_cД.Н. Джибладзе.
260 _aТбилиси :
_bСабчота Сакартвело,
_c1973.
300 _a60 с.
653 0 _aЗакавказье - История
090 _c295444
999 _c293759
_d293759